Statistics for Name the 8 inhabited islands of the Canary archipelago

Click here to take the quiz!

General Stats

  • This quiz has been taken 61 times
    (60 since last reset)
  • The average score is 5 of 8

Answer Stats

HintAnswer% Correct
2Tenerife
90%
1Gran Canaria
84%
3Lanzarote
82%
4Fuerteventura
76%
8La Palma
65%
6El Hierro
57%
5La Gomera
55%
7La Graciosa
33%

Score Distribution

Percentile by Number Answered

Percent of People with Each Score

Your Score History

You have not taken this quiz since the last reset